LEADER 01179nam0-22003491i-450- 001 990002011730403321 005 20040624152938.0 035 $a000201173 035 $aFED01000201173 035 $a(Aleph)000201173FED01 035 $a000201173 100 $a20030910d1935----km-y0itay50------ba 101 0 $aeng 102 $aUS 105 $ay---d---001yy 200 1 $aKey catalogue of parasites reported for carnivora (cats, dogs, bears) with their possible public health importance$fC.W. Stiles, Clara Edith Baker 210 $aWashington$cU.S. Treasury Department$d1935 215 $ap. 914-1222 (pag. estratta)$d23 cm 225 1 $aNational Institute of Health Bulletin$v163 610 0 $aParassitologia 610 0 $aParassitismo 610 0 $aEcologia Animale 676 $a591.524 700 1$aStiles,$bC.W.$0360059 701 1$aBaker,$bClara Edith$085155 801 0$aIT$bUNINA$gRICA$2UNIMARC 901 $aBK 912 $a990002011730403321 952 $a61 III D.3/22$b855$fDAGEN 959 $aDAGEN 996 $aKey catalogue of parasites reported for carnivora (cats, dogs, bears) with their possible public health importance$9402385 997 $aUNINA LEADER 01173nam--2200361---450- 001 990003464460203316 005 20101104130506.0 010 $a978-88-6081-683-2 035 $a000346446 035 $aUSA01000346446 035 $a(ALEPH)000346446USA01 035 $a000346446 100 $a20101104d2010----km-y0itay50------ba 101 $aita 102 $aIT 105 $a||||||||001yy 200 1 $a<> mediazione educativa familiare$euna risorsa formativa per le famiglie separate, divorziate e ricostituite$fChiara Sirignano 210 $aRoma$cArmando$d2010 215 $a143 p.$d20 cm 225 2 $a<> problemi dell'educazione$iAggiornamenti 410 0$12001$a<> problemi dell'educazione$iAggiornamenti 606 0 $aFamiglia$xAssistenza$yItalia$2BNCF 676 $a362.828 700 1$aSIRIGNANO,$bChiara$0523999 801 0$aIT$bsalbc$gISBD 912 $a990003464460203316 951 $aII.4. 3926$b226898 L.M.$cII.4.$d00283952 959 $aBK 969 $aUMA 979 $aMARTUCCIEL$b90$c20101104$lUSA01$h1302 979 $aMARTUCCIEL$b90$c20101104$lUSA01$h1305 996 $aMediazione educativa familiare$91111934 997 $aUNISA